La Bohème paroles - Aznavour - Statistiques

Statistiques générales
  • Ce quiz a été pris 2 349 fois
    2 250 depuis la dernière actualisation
  • Le résultat moyen est 232 sur 310
Statistiques - réponses
Réponse % Correct
l'
100%
a
99%
à
99%
d'
99%
c'
98%
de
98%
le
98%
m'
98%
n'
98%
ne
98%
qu'
98%
s'
98%
un
98%
ans
97%
es
97%
Je
97%
je
97%
97%
La
97%
la
97%
moi
97%
on
97%
pas
97%
que
97%
temps
97%
vingt
97%
bohème
96%
connaître.
96%
les
96%
moins
96%
parle
96%
peuvent
96%
vous
96%
ce
95%
mon
94%
en
93%
En
93%
et
93%
ça
91%
est
91%
lilas
91%
qui
90%
dire
89%
nous
89%
fenêtres
88%
nue
88%
ses
88%
toi
88%
voulait
88%
heureux
87%
ma
87%
Montmartre
87%
connu
86%
nos
86%
sous
86%
famine
84%
jour
83%
jusque
83%
sur
82%
deux
81%
posais
79%
mangions
78%
mine
78%
accrochait
77%
garni
77%
ni
77%
payait
77%
criais
75%
si
75%
servait
74%
du
73%
temps-là
72%
humble
71%
nid
68%
des
67%
Dans
65%
au
64%
quelque
64%
tu
64%
étions
63%
jolie
61%
gloire
59%
une
59%
attendions
58%
cafés
58%
voisins
58%
bien
57%
repas
57%
avec
56%
bon
56%
chaud
56%
miséreux
56%
quand
56%
Quand
56%
creux
55%
ventre
55%
y
55%
contre
54%
croire
53%
plus
52%
vers
52%
cessions
51%
récitions
51%
toile
51%
bistro
50%
hiver
50%
tous
48%
quelques-uns
47%
il
46%
tour
46%
autour
45%
avions
44%
génie
44%
oubliant
44%
rien
44%
poêle
43%
prenait
43%
matin
42%
devant
41%
tout
41%
sein
40%
groupés
39%
jeunes
39%
vie
39%
aime
38%
vivions
38%
air
37%
galbe
37%
ont
37%
rues
37%
veut
37%
chevalet
36%
reconnais
36%
ancienne
35%
blanches
35%
dessin
35%
ligne
35%
nuits
35%
adresse
34%
arrivait
34%
hanche
34%
passer
34%
son
34%
enfin
33%
faire
33%
vais
33%
vu
33%
jeunesse
32%
murs
32%
Souvent
32%
café-crème
31%
était
31%
morts
31%
retouchant
31%
sont
31%
asseyait
30%
hasard
30%
jours
30%
fallait
29%
mais
27%
escalier
26%
triste
26%
atelier
25%
haut
25%
semble
25%
fous
24%
décor
23%
dont
23%
nouveau
22%
ravis
22%
subsiste
22%
épuisés
21%
cherche
17%
Aucun quiz correspondant
Distribution des résultats
% des personnes avec chaque résultat
Percentile par nombre de réponses
Votre historique - résultats
Vous n’avez pas pris ce quiz depuis la dernière actualisation